[Event "Match"]
[Site "www.echecsemail.com"]
[Date "2019.08.17"]
[Round "1"]
[White "Hundegana"]
[Black "Tonino1"]
[WhiteElo "2040"]
[BlackElo "2130"]
[Result "0-1"]
[Round "1"]
1.d4 d6
2.g3 Ng8f6
3.Bf1g2 c6
4.c4 g6
5.b4 Bf8g7
6.Nb1c3 O-O
7.e4 e5
8.d5 Nf6e8
9.a3 f5
10.Bc1e3 f4
11.gxf4 exf4
12.Be3d2 Nb8d7
13.Ng1f3 Nd7e5
14.Nf3xe5 Bg7xe5
15.Ra1c1 Qd8h4
16.Qd1f3 Bc8g4
17.Qf3d3 f3
18.Bg2f1 Bg4h3
19.dxc6 bxc6
20.b5 Bh3xf1
21.Qd3xf1 Be5xc3
22.Rc1xc3 Qh4xe4
23.Bd2e3 d5
24.cxd5 cxd5
25.Qf1d3 Ne8f6
26.Kd2 Ra8c8
27.Be3xa7 Rc8xc3
28.Kxc3 Rf8c8
29.Kd2 Qe4a4
30.Ba7d4 Nf6e4
31.Ke3 Rc8c4
32.b6 Ne4xf2
33.Kxf2 Rc4xd4
34.Qd3c3 Rd4c4
35.Qc3f6 Rc4c2
36.Kg3 Rc2g2
37.Kxf3 Qa4e4
{ resign }
0-1

[Event "Match"]
[Site "www.echecsemail.com"]
[Date "2019.08.17"]
[Round "1"]
[White "Apdash"]
[Black "Gimmyg"]
[WhiteElo "2210"]
[BlackElo "2550"]
[Result "0-1"]
[Round "1"]
1.e4 c5
2.Ng1f3 d6
3.d4 cxd4
4.Nf3xd4 Ng8f6
5.f3 e5
6.Nd4b3 Bf8e7
7.Bc1e3 d5
8.Bf1b5 Nb8c6
9.exd5 Nf6xd5
10.Be3f2 O-O
11.Bb5xc6 bxc6
12.O-O Qd8c7
13.c4 Nd5f4
14.Nb1c3 Bc8e6
15.Nb3d2 Nf4d3
16.Qd1e2 Nd3xb2
17.Ra1b1 Ra8b8
18.Rf1c1 Rf8d8
19.Rc1c2 Nb2d3
20.Rb1xb8 Qc7xb8
21.g3 h6
22.Nc3b1 Nd3xf2
23.Kxf2 Be6f5
24.Rc2c3 Be7c5
25.Kg2 Qb8b2
26.Rc3b3 Qb2xa2
{ resign }
0-1

[Event "1/128 Finale"]
[Site "www.chess-mail.com"]
[Date "2019.08.17"]
[Round "1"]
[White "Ssharp"]
[Black "Ern007"]
[WhiteElo "2330"]
[BlackElo "1499"]
[Result "1-0"]
[Round "1"]
1.e4 c5
2.c3 d5
3.exd5 Qd8xd5
4.d4 e6
5.Ng1f3 Ng8f6
6.Bf1e2 Nb8c6
7.O-O cxd4
8.cxd4 Bf8e7
9.Bc1f4 O-O
10.Nb1c3 Qd5d8
11.Bf4e5 b6
12.Qd1c2 Bc8b7
13.Ra1d1 Ra8c8
14.Qc2b1 Nf6d5
15.Nc3xd5 Qd8xd5
16.b3 Nc6b4
17.a3 Nb4c2
18.a4  { time }
1-0

[Event "Match"]
[Site "www.echecsemail.com"]
[Date "2019.08.18"]
[Round "1"]
[White "Gvladutz"]
[Black "Virgil08bv"]
[WhiteElo "2450"]
[BlackElo "2630"]
[Result "0-1"]
[Round "1"]
1.c4 e5
2.Nb1c3 Ng8f6
3.Ng1f3 Nb8c6
4.d3 d5
5.cxd5 Nf6xd5
6.e3 Bf8e7
7.Bf1e2 O-O
8.O-O Bc8e6
9.d4 exd4
10.exd4 Be7f6
11.Nc3e4 h6
12.Ne4c5 Be6c8
13.Be2b5 Nd5e7
14.Bc1e3 Bc8g4
15.Ra1c1 Ra8b8
16.h3 Bg4h5
17.g4 Bh5g6
18.Nf3e5 Bf6xe5
19.dxe5 Nc6xe5
20.f4 Ne7d5
21.Be3d4 a6
22.Bd4xe5 axb5
23.f5 Bg6h7
24.Qd1d4 b6
25.Rf1d1 bxc5
26.Qd4xc5 Qd8h4
27.Rd1xd5 Qh4xh3
28.Rc1c3 Qh3h4
29.Qc5f2 Qh4g5
30.Be5f4 Qg5f6
31.Rc3xc7 Rb8d8
32.Rd5xb5 Qf6a6
33.Qf2e2 Qa6xa2
34.Kh2 Qa2a4
35.b4 Qa4b3
36.Rc7e7 Kh8
37.Re7e3 Qb3b1
38.Re3e5 Rd8d1
39.Qe2e4 Qb1a2
40.Kh3 Rf8d8
41.Bf4e3 f6
42.Re5e7 Bh7g8
43.Rb5a5 Qa2b3
44.Ra5a8 Rd8xa8
45.Qe4xa8 Rd1e1
46.Kh2 Re1xe3
47.Re7xe3 Qb3xe3
48.Kg2 Qe3d2
49.Kg3 Qd2xb4
50.Qa8f3 Qb4d6
51.Qf3f4 Qd6xf4
52.Kxf4 Bg8d5
53.Kg3 Kg8
54.Kf2 Kf7
55.Ke3 Ke7
56.Kf2 Kd6
57.Ke2 Ke5
58.Ke3 Bd5b7
{ resign }
0-1

[Event "Tourn. n10159"]
[Site "www.echecsemail.com"]
[Date "2019.08.18"]
[Round "1"]
[White "Reignblowcan"]
[Black "Pdebonis"]
[WhiteElo "2640"]
[BlackElo "2730"]
[Result "1/2-1/2"]
[Round "1"]
1.c4 e5
2.g3 c6
3.d4 exd4
4.Qd1xd4 Ng8f6
5.Bf1g2 d5
6.Nb1c3 Bc8e6
7.cxd5 cxd5
8.Qd4a4 Nb8c6
9.Bc1e3 Bf8e7
10.Ng1f3 a6
11.O-O b5
12.Qa4c2 Ra8c8
13.Ra1d1 b4
14.Nc3a4 d4
15.Be3f4 Qd8a5
16.b3 O-O
17.Qc2b2 Nf6d5
{ draw }
1/2-1/2

[Event "Tourn. n10193"]
[Site "www.echecsemail.com"]
[Date "2019.08.18"]
[Round "1"]
[White "Bojan"]
[Black "Tonino1"]
[WhiteElo "2020"]
[BlackElo "2170"]
[Result "0-1"]
[Round "1"]
1.e4 d6
2.d4 Ng8f6
3.Nb1c3 c6
4.Ng1f3 Qd8a5
5.Bc1d2 Qa5c7
6.Bd2g5 g6
7.e5 dxe5
8.Nf3xe5 Bf8g7
9.Bf1c4 O-O
10.Bg5e3 Nb8d7
11.f4 Nd7b6
12.Bc4d3 Nb6d5
13.Nc3xd5 Nf6xd5
14.Be3d2 f6
15.Ne5f3 Nd5xf4
16.Bd3c4 Kh8
17.Kf2 Nf4d5
18.Qd1e2 Nd5f4
19.Qe2e3 Nf4d5
20.Qe3e1 Bc8g4
21.Bc4e2 e5
22.h3 Bg4e6
23.c4 Nd5e7
24.Ra1d1 e4
25.Nf3h2 f5
26.Bd2b4 Qc7f4
27.Kg1 Rf8e8
28.Bb4d2 Bg7xd4
{ resign }
0-1

[Event "Match"]
[Site "www.echecsemail.com"]
[Date "2019.08.18"]
[Round "1"]
[White "Fereike"]
[Black "Dussek"]
[WhiteElo "1610"]
[BlackElo "1940"]
[Result "0-1"]
[Round "1"]
1.d4 Ng8f6
2.g3 g6
3.Bf1g2 Bf8g7
4.Ng1f3 d5
5.O-O O-O
6.c3 Nb8c6
7.Rf1e1 Bc8f5
8.Nb1d2 b5
9.Nf3e5 Nc6xe5
10.dxe5 Nf6e4
11.Nd2xe4 dxe4
12.Bc1f4 Qd8c8
13.h4 c5
 { time }
0-1

[Event "Tourn. n10074"]
[Site "www.echecsemail.com"]
[Date "2019.08.18"]
[Round "1"]
[White "Nevaeh"]
[Black "Pdebonis"]
[WhiteElo "2780"]
[BlackElo "2700"]
[Result "1-0"]
[Round "1"]
1.e4 c5
2.Ng1f3 d6
3.d4 cxd4
4.Nf3xd4 Ng8f6
5.Bf1d3 Nb8c6
6.Bc1e3 e5
7.Nd4xc6 bxc6
8.O-O Bf8e7
9.c4 O-O
10.Nb1c3 Bc8e6
11.b3 Nf6g4
12.Be3d2 Ng4f6
13.Qd1e2 Nf6d7
14.Nc3a4 Nd7b6
15.Na4c3 Nb6d7
16.Ra1d1 Ra8b8
17.Bd3c2 Qd8c7
18.h3 Nd7c5
19.f4 f6
20.f5 Be6f7
21.Rf1f3 Kh8
22.Bd2e3 Qc7a5
23.Kh2 Rf8g8
24.Rf3g3 Qa5b4
25.Be3f2 a5
26.Rd1a1 Qb4b7
27.Ra1b1 Qb7b4
28.Bf2e1 Qb4b7
29.a3 Qb7a6
30.Qe2d1 Nc5d7
31.Bc2d3 Qa6c8
32.Bd3e2 Qc8c7
33.Be2h5 g6
34.Bh5g4 gxf5
35.Bg4xf5 Rg8xg3
36.Be1xg3 Nd7c5
37.Bg3h4 Nc5e6
38.Nc3e2 Qc7d8
39.Qd1c1 Ne6f8
40.b4 axb4
41.axb4 Nf8g6
42.Bh4f2 Qd8g8
43.Ne2g3 Ng6f4
44.b5 cxb5
45.cxb5 Bf7a2
46.Rb1a1 Rb8xb5
47.Bf5g4 Be7f8
48.Qc1d2 Ba2f7
49.Ra1a8 h5
50.Bg4f3 Kh7
51.Qd2c1 Bf7g6
52.Ng3f5 Bg6xf5
53.exf5 Rb5b3
54.Qc1c6 Kh6
55.Ra8a7 Bf8g7
56.Qc6xd6 Rb3d3
57.Qd6c6 Qg8b8
58.Bf3e4 Rd3b3
59.Qc6d7 { resign }
1-0

[Event "Tourn. n10078"]
[Site "www.echecsemail.com"]
[Date "2019.08.18"]
[Round "1"]
[White "Nevaeh"]
[Black "Pdebonis"]
[WhiteElo "2780"]
[BlackElo "2700"]
[Result "1-0"]
[Round "1"]
1.e4 c5
2.Ng1f3 d6
3.d4 cxd4
4.Nf3xd4 Ng8f6
5.Bf1d3 Nb8c6
6.Bc1e3 e5
7.Nd4xc6 bxc6
8.O-O Bf8e7
9.c4 Bc8e6
10.Nb1c3 Nf6g4
11.Be3d2 O-O
12.Qd1f3 Ng4f6
13.Bd2e3 Nf6g4
14.Be3d2 Ng4f6
15.Bd3e2 Ra8b8
16.b3 Nf6d7
17.Rf1d1 Nd7c5
18.Bd2e3 Qd8a5
19.Ra1c1 Rf8d8
20.Be3d2 Qa5a3
21.Qf3g3 Be7f6
22.h4 Kh8
23.Rc1c2 Be6c8
24.Bd2g5 Bf6xg5
25.hxg5 Nc5e6
26.Rc2d2 Ne6d4
27.f4 Qa3a5
28.f5 f6
29.Be2h5 fxg5
30.Qg3xg5 Rd8f8
31.Qg5e3 Qa5d8
32.Rd2f2 Kg8
33.Bh5e2 Bc8a6
34.Rd1f1 Rb8b7
35.Be2h5 Rb7d7
36.Qe3h3 Qd8f6
37.Bh5g6 h6
38.Qh3g4 Rd7d8
39.Kh2 Ba6b7
40.Rf1b1 a5
41.Qg4g3 Bb7a6
42.Rb1e1 Rd8b8
43.Kg1 Rb8b4
44.Bg6h5 Ba6b7
45.Re1e3 c5
46.Qg3h3 Bb7c6
47.Re3g3 Qf6d8
48.Bh5e8 Bc6xe8
49.Qh3xh6 Qd8f6
50.Qh6h2 Be8c6
51.Rg3g6 Qf6d8
52.f6 Rb4b7
53.Qh2h5 Nd4e6
54.Qh5g4 Qd8d7
55.Rf2f5 Ne6d4
56.fxg7 Rf8xf5
57.Qg4h4 { resign }
1-0

[Event "Tourn. n10175"]
[Site "www.echecsemail.com"]
[Date "2019.08.18"]
[Round "1"]
[White "Galiany17"]
[Black "Pariolinius"]
[WhiteElo "2179"]
[BlackElo "1870"]
[Result "1-0"]
[Round "1"]
1.Ng1f3 Ng8f6
2.g3 g6
3.d4 Bf8g7
4.c4 d6
5.Bf1g2 O-O
6.O-O c5
7.d5 e5
8.Nb1c3 Nb8d7
9.e4 Nd7b6
10.Qd1e2 Bc8g4
11.h3 Bg4d7
12.b3 Qd8c8
13.Kh2 Qc8d8
14.Bc1e3 h6
15.Ra1e1 Nf6h7
16.Nf3h4 g5
17.Nh4f5 Nh7f6
18.Nf5xd6 Bd7c8
19.Be3xc5 Nf6d7
20.Bc5e3 Nd7f6
21.c5 Nb6d7
22.b4 a5
23.b5 Nf6e8
24.Nd6c4 b6
25.c6 Nd7c5
26.d6 Ne8f6
27.Re1d1 Bc8e6
28.c7 Qd8d7
29.Nc4xb6 Qd7e8
30.Be3xc5 Nf6d7
31.Nb6xd7 Be6xd7
32.a4 Qe8e6
33.b6 Bd7c6
34.d7 Bc6xd7
35.Bc5xf8 Bg7xf8
36.b7 Ra8e8
37.b8Q Bf8d6
38.Qb8b6 Re8c8
39.Qb6xd6 Qe6e8
40.Qd6xd7 { resign }
1-0

[Event "Tourn. n10167"]
[Site "www.echecsemail.com"]
[Date "2019.08.18"]
[Round "1"]
[White "Bojan"]
[Black "Libiesse"]
[WhiteElo "1960"]
[BlackElo "1890"]
[Result "1-0"]
[Round "1"]
1.e4 c5
2.Ng1f3 e6
3.Nb1c3 a6
4.e5 Nb8c6
5.Nc3e4 Qd8c7
6.Ne4d6 Bf8xd6
7.exd6 Qc7xd6
8.a3 Ng8f6
9.Bf1d3 b5
10.c3 Qd6xd3
11.b4 cxb4
12.axb4 Bc8b7
13.Ra1a3 O-O
14.Bc1b2 Qd3g6
15.g3 d5
16.O-O Rf8c8
17.Rf1e1 Nc6e7
18.d3 Rc8c7
19.Nf3h4 Qg6g4
20.f3 Qg4h3
21.Bb2c1 Nf6h5
22.Qd1e2 Nh5xg3
23.hxg3 Qh3xg3
24.Nh4g2 d4
25.Bc1f4 Bb7xf3
26.Bf4xg3 Bf3xe2
27.Bg3xc7 Be2xd3
28.Re1d1 Ra8c8
29.Rd1xd3 Rc8xc7
30.Rd3xd4 Rc7c8
31.Rd4d6 g5
32.Rd6xa6 Kg7
33.Ng2e3 h5
34.Kg2 Ne7f5
35.Kf3 Kg6
36.Ne3xf5 Kxf5
37.Ra6b6 g4
38.Kg3 Kg5
39.Rb6xb5 f5
40.Rb5e5 h4
41.Kf2 Kf6
42.Re5c5 g3
43.Kf3 Rc8xc5
44.bxc5 Kg5
45.c6 f4
46.Ra3a5 { resign }
1-0

[Event "Tourn. n10169"]
[Site "www.echecsemail.com"]
[Date "2019.08.18"]
[Round "1"]
[White "Libiesse"]
[Black "Passaroa25"]
[WhiteElo "1890"]
[BlackElo "1700"]
[Result "1-0"]
[Round "1"]
1.Ng1f3 Nb8c6
2.d4 f6
3.c4 e6
4.Nb1c3 Ng8e7
5.e3 Ne7g6
6.a3 Bf8e7
7.Bf1d3 Be7d6
8.b4 Nc6e7
9.c5 Ne7d5
10.Nc3xd5 exd5
11.cxd6 cxd6
12.O-O Qd8b6
13.Qd1b3 Qb6c6
14.Bc1d2 O-O
15.Ra1c1 Qc6b6
16.Rc1c3 Ng6e7
17.Qb3c2 Ne7g6
18.Rf1c1 Rf8d8
19.Bd3xg6 hxg6
20.Qc2xg6 Rd8f8
21.Qg6h5 Rf8d8
22.Qh5xd5 Kf8
23.Qd5f5 Kf7
24.Rc3xc8 Ra8xc8
25.Rc1xc8 g6
26.Qf5d5 Kg7
27.Rc8xd8 Qb6xd8
28.Qd5xb7 Kf7
29.Qb7xa7 Qd8e7
30.Qa7a8 { resign }
1-0

[Event "Tourn. n10142"]
[Site "www.echecsemail.com"]
[Date "2019.08.18"]
[Round "1"]
[White "Pdebonis"]
[Black "D4minance"]
[WhiteElo "2720"]
[BlackElo "2790"]
[Result "0-1"]
[Round "1"]
1.d4 Ng8f6
2.Bc1g5 Nf6e4
3.Bg5f4 d5
4.f3 Ne4f6
5.Nb1c3 c5
6.e4 cxd4
7.Qd1xd4 Nb8c6
8.Bf1b5 Bc8d7
9.Bb5xc6 Bd7xc6
10.exd5 Nf6xd5
11.O-O-O Nd5xf4
12.Qd4xf4 Qd8a5
13.Ng1h3 h6
14.Kb1 g5
15.Qf4d4 Rh8g8
16.Qd4c4 Rg8g6
17.Nh3f2 Bf8g7
18.Nf2e4 Kf8
19.Rd1d3 Bc6e8
20.Rh1d1 Rg6b6
21.Kc1 Qa5e5
22.Kb1 Qe5xh2
23.g4 Rb6c6
24.Qc4b3 b5
25.Nc3d5 a5
26.c3 Ra8b8
27.Rd1d2 Qh2g1
28.Rd2d1 Qg1a7
29.Rd3d2 Bg7e5
30.Rd1h1 Kg7
31.f4 gxf4
32.g5 Rc6g6
33.Qb3d1 e6
34.Nd5f6 Be5xf6
35.gxf6 Kg8
{ resign }
0-1

[Event "Tourn. n10138"]
[Site "www.echecsemail.com"]
[Date "2019.08.18"]
[Round "1"]
[White "Conde7"]
[Black "Pdebonis"]
[WhiteElo "2820"]
[BlackElo "2730"]
[Result "1-0"]
[Round "1"]
1.e4 c5
2.Ng1f3 d6
3.d4 cxd4
4.Nf3xd4 Ng8f6
5.Nb1c3 a6
6.h3 e6
7.g4 Bf8e7
8.g5 Nf6d7
9.Bc1e3 b5
10.a3 Bc8b7
11.h4 Nb8c6
12.Qd1d2 Ra8c8
13.Nd4xc6 Rc8xc6
14.O-O-O O-O
15.Rh1h3 Nd7e5
16.Kb1 Qd8c8
17.Be3d4 Rf8e8
18.b3 Ne5d7
19.f4 e5
20.Bd4f2 exf4
21.Bf2d4 Be7d8
22.Rh3d3 Nd7c5
23.Bf1h3 Qc8b8
24.Rd3f3 Rc6c7
25.Qd2xf4 Nc5xe4
26.Bh3f5 Ne4c5
27.Rf3f2 Nc5e6
28.Bf5xe6 Re8xe6
29.h5 Rc7e7
30.Rd1f1 Bd8c7
31.Qf4f5 d5
32.Bd4f6 g6
33.Qf5h3 Re6e3
34.Qh3g4 Re7e6
35.hxg6 fxg6
36.Nc3d1 Re3e4
37.Qg4h3 { resign }
1-0

[Event "Tourn. n10138"]
[Site "www.echecsemail.com"]
[Date "2019.08.18"]
[Round "1"]
[White "Pdebonis"]
[Black "Reignblowcan"]
[WhiteElo "2730"]
[BlackElo "2620"]
[Result "1/2-1/2"]
[Round "1"]
1.Ng1f3 Ng8f6
2.c4 d6
3.d4 Nb8d7
4.Nb1c3 e5
5.e4 exd4
6.Nf3xd4 g6
7.f3 Bf8g7
8.Bc1g5 Nd7c5
9.Qd1d2 a5
10.Bf1e2 Bc8d7
11.O-O-O Nc5a4
12.Nd4b5 Na4xc3
13.Nb5xc3 Bd7c6
14.c5 h6
15.Bg5e3 dxc5
16.Be3xc5 Qd8xd2
17.Rd1xd2 Ra8d8
18.Rd2xd8 Kxd8
19.Nc3b5 Bc6xb5
20.Be2xb5 Kc8
21.Kc2 Nf6d7
22.Bc5e3 Rh8d8
23.Rh1f1 Rd8e8
24.Be3d2 c6
25.Bb5c4 Nd7e5
26.Bc4b3 b6
27.f4 Ne5d7
28.e5 Re8e7
29.Bb3c4 f6
30.e6 Nd7c5
31.f5 gxf5
32.Bd2c3 Nc5xe6
33.Rf1xf5 Kb7
34.b3 Ne6c7
35.Bc3xf6 { draw }
1/2-1/2

[Event "Match"]
[Site "www.echecsemail.com"]
[Date "2019.08.18"]
[Round "1"]
[White "Tonino1"]
[Black "Logout"]
[WhiteElo "2130"]
[BlackElo "2070"]
[Result "1-0"]
[Round "1"]
1.f4 e6
2.d4 d5
3.e3 Ng8f6
4.Bf1d3 Nb8d7
5.Ng1f3 a6
6.O-O c5
7.c3 cxd4
8.exd4 b5
9.Qd1e2 Bf8d6
10.Nf3e5 O-O
11.Nb1d2 Bd6xe5
12.fxe5 Nf6e8
13.Bd3xh7 Kxh7
14.Qe2h5 Kg8
15.Rf1f3 g6
16.Qh5h6 Ne8g7
17.Rf3h3 Ng7h5
18.g4 Nd7f6
19.exf6 Qd8xf6
20.gxh5 Rf8d8
21.hxg6 Qf6g7
22.Qh6xg7 Kxg7
23.gxf7 Kxf7
24.Nd2f3 Rd8g8
25.Kf2 Bc8d7
26.Nf3e5 Ke7
27.Rh3h7 Kd6
28.Rh7xd7 
1-0

[Event "1/32 Finale"]
[Site "www.chess-mail.com"]
[Date "2019.08.18"]
[Round "1"]
[White "Bevittsmith"]
[Black "Orhany24"]
[WhiteElo "2280"]
[BlackElo "2120"]
[Result "1/2-1/2"]
[Round "1"]
1.e4 e5
2.Ng1f3 Nb8c6
3.Bf1b5 a6
4.Bb5a4 Ng8f6
5.O-O b5
6.Ba4b3 Bf8e7
7.Rf1e1 d6
8.h3 Nc6a5
9.c3 Na5xb3
10.Qd1xb3 c5
11.d4 Qd8c7
12.Nb1d2 O-O
13.Nd2f1 h6
14.Nf1g3 Bc8e6
15.d5 Be6d7
16.Qb3d1 Nf6h7
17.Nf3h2 f5
18.Ng3xf5 Bd7xf5
19.exf5 Rf8xf5
20.Bc1e3 Ra8f8
21.f3 Be7g5
22.Nh2f1 Rf5f7
23.Nf1d2 Bg5f4
24.Nd2e4 Qc7e7
25.Be3xf4 Rf7xf4
26.Re1f1 Nh7g5
27.Qd1e2 Ng5xe4
28.fxe4 Qe7g5
29.Rf1xf4 Rf8xf4
30.Ra1f1 Qg5f6
31.Rf1xf4 Qf6xf4
32.a3 { draw }
1/2-1/2

[Event "1/32 Finale"]
[Site "www.chess-mail.com"]
[Date "2019.08.18"]
[Round "1"]
[White "Szustan"]
[Black "Passaroa25"]
[WhiteElo "2640"]
[BlackElo "1710"]
[Result "1-0"]
[Round "1"]
1.e4 Nb8c6
2.Ng1f3 e6
3.d4 d5
4.e5 Ng8e7
5.c3 b6
6.Bf1d3 Bc8b7
7.O-O h6
8.Nb1d2 Rh8g8
9.b4 Ne7g6
10.Nd2b3 Qd8d7
11.b5 Nc6e7
12.Qd1e2 O-O-O
13.a4 Ne7f5
14.a5 Bf8e7
15.axb6 axb6
16.Ra1a7 c5
17.bxc6 Qd7xc6
18.Bd3b5 Qc6xc3
19.Bb5a6 Kb8
20.Ra7xb7 Ka8
21.Qe2b5 Rd8b8
22.Qb5xb6 Qc3c8
23.Rb7a7 
1-0

[Event "Tourn. n10159"]
[Site "www.echecsemail.com"]
[Date "2019.08.19"]
[Round "1"]
[White "Pdebonis"]
[Black "Sbb"]
[WhiteElo "2730"]
[BlackElo "2760"]
[Result "1/2-1/2"]
[Round "1"]
1.e4 e5
2.Ng1f3 Nb8c6
3.d4 exd4
4.Nf3xd4 Nc6xd4
5.Qd1xd4 Qd8f6
6.Bc1e3 Qf6xd4
7.Be3xd4 b6
8.Nb1c3 Bc8b7
9.O-O-O O-O-O
10.b3 Ng8e7
11.Kb2 f5
12.f3 fxe4
13.Nc3xe4 Ne7f5
14.Bd4f2 Bf8e7
15.Bf1d3 Nf5h4
16.Rh1g1 Rh8f8
17.c3 g5
18.Rd1e1 { draw }
1/2-1/2

[Event "Match"]
[Site "www.echecsemail.com"]
[Date "2019.08.19"]
[Round "1"]
[White "Cal"]
[Black "C17"]
[WhiteElo "1670"]
[BlackElo "1379"]
[Result "1-0"]
[Round "1"]
1.c4 e5
2.Nb1c3 Bf8b4
3.Ng1f3 Nb8c6
4.a3 Bb4xc3
5.bxc3 Qd8e7
6.e4 a5
7.d3 a4
8.Qd1e2 Nc6a5
9.Bc1b2 Na5b3
10.Ra1b1 Ra8a6
11.g3 Nb3c5
12.d4 Nc5e6
13.Bf1g2 Ne6g5
14.Nf3h4 b6
15.Nh4f5 Qe7f6
16.d5 g6
17.h4 c6
18.c5 bxc5
19.d6 gxf5
20.f4 Ng5xe4
21.c4 Qf6g6
22.O-O Ne4xg3
23.Qe2xe5 Kf8
24.Rf1f2 f6
25.Qe5xc5 Ng3e4
26.Qc5e3 Ne4xf2
27.Kxf2 h5
28.Bg2f3 Ng8h6
29.Qe3e7 Kg8
30.Bb2xf6  { time }
1-0

[Event "Tourn. n10132"]
[Site "www.echecsemail.com"]
[Date "2019.08.19"]
[Round "1"]
[White "Pdebonis"]
[Black "Obisporey"]
[WhiteElo "2720"]
[BlackElo "2580"]
[Result "1/2-1/2"]
[Round "1"]
1.d4 d5
2.c4 e6
3.Nb1c3 Ng8f6
4.cxd5 Nf6xd5
5.e4 Nd5xc3
6.bxc3 c5
7.Ng1f3 cxd4
8.cxd4 Bf8b4
9.Bc1d2 Bb4xd2
10.Qd1xd2 O-O
11.Bf1c4 Nb8d7
12.a4 e5
13.O-O exd4
14.Rf1c1 Rf8e8
15.Qd2xd4 Nd7e5
16.Qd4xd8 Ne5xf3
17.gxf3 Re8xd8
18.Ra1b1 Ra8b8
19.Bc4d5 Rd8d7
20.Rb1b3 b6
21.Rb3c3 Bc8a6
22.f4 Kf8
23.Rc3c7 Rb8d8
24.f5 Ba6e2
25.Rc7xd7 Rd8xd7
26.Kg2 Ke7
27.f3 Be2a6
28.Kg3 Ba6b7
29.Bd5a2 { draw }
1/2-1/2

[Event "Tourn. n10189"]
[Site "www.echecsemail.com"]
[Date "2019.08.19"]
[Round "1"]
[White "Bojan"]
[Black "Libiesse"]
[WhiteElo "1920"]
[BlackElo "1930"]
[Result "1-0"]
[Round "1"]
1.e4 c5
2.Ng1f3 e6
3.e5 a6
4.d4 Nb8c6
5.c3 cxd4
6.cxd4 d5
7.a3 b5
8.b4 g6
9.Bf1d3 Bf8g7
10.Bc1g5 Ng8e7
11.Nb1d2 h6
12.Bg5e3 Bc8b7
13.Nd2b3 Ra8b8
14.Nb3c5 O-O
15.Qd1d2 Kh7
16.h4 Bb7c8
17.h5 Ne7f5
18.Be3f4 Nc6xd4
19.Nf3xd4 Nf5xd4
20.hxg6 fxg6
21.Bf4xh6 Kg8
22.Bh6xg7 { resign }
1-0

[Event "Tourn. n10173"]
[Site "www.echecsemail.com"]
[Date "2019.08.19"]
[Round "1"]
[White "Rons"]
[Black "Tartan"]
[WhiteElo "2640"]
[BlackElo "2500"]
[Result "1-0"]
[Round "1"]
1.e4 e5
2.Ng1f3 Nb8c6
3.Bf1b5 a6
4.Bb5a4 Ng8f6
5.O-O Bf8e7
6.Rf1e1 b5
7.Ba4b3 d6
8.c3 O-O
9.d4 Bc8g4
10.Bc1e3 Nc6a5
11.dxe5 Bg4xf3
12.Qd1xf3 dxe5
13.Nb1d2 c5
14.Nd2f1 Na5xb3
15.axb3 Qd8d6
16.Be3g5 Qd6e6
17.Nf1e3 Qe6xb3
18.Ne3f5 Qb3e6
19.Bg5h6 Nf6e8
20.Qf3g4 Be7f6
21.Re1d1 c4
22.h4 { resign }
1-0

[Event "Tourn. n10187"]
[Site "www.echecsemail.com"]
[Date "2019.08.19"]
[Round "1"]
[White "Tonino1"]
[Black "Apdash"]
[WhiteElo "2130"]
[BlackElo "2150"]
[Result "1-0"]
[Round "1"]
1.f4 e5
2.e4 exf4
3.Bf1c4 Qd8h4
4.Kf1 Ng8f6
5.Ng1f3 Qh4h5
6.Nb1c3 Bf8b4
7.d3 g5
8.Bc1d2 d6
9.a3 Bb4a5
10.Qd1e2 Nb8c6
11.Ra1e1 g4
12.Nf3g1 Nc6d4
13.Qe2d1 Qh5e5
14.Nc3d5 Ba5xd2
15.Qd1xd2 f3
16.Nd5xc7 Kf8
17.Qd2h6 Ke7
18.g3 Ra8b8
19.c3 Nd4c2
20.d4 Qe5h5
21.Nc7d5 Nf6xd5
22.exd5 Nc2xe1
23.Qh6xh5 Ne1c2
24.Qh5g5 Kf8
25.Qg5d2 Bc8f5
26.Qd2h6 Ke8
27.Bc4b5 Bf5d7
28.Bb5xd7 Kxd7
29.Qh6d2 Nc2a1
30.Qd2d1 Rb8e8
31.Qd1xa1 Re8e3
32.h3 f5
33.hxg4 fxg4
34.Rh1h6 Re3e7
35.Qa1b1 a6
36.Qb1f5 { resign }
1-0

[Event "Match"]
[Site "www.echecsemail.com"]
[Date "2019.08.19"]
[Round "1"]
[White "Tonino1"]
[Black "Libiesse"]
[WhiteElo "2130"]
[BlackElo "1930"]
[Result "1-0"]
[Round "1"]
1.f4 c5
2.e3 e6
3.d4 cxd4
4.exd4 a6
5.Ng1f3 d5
6.Bf1d3 Bf8e7
7.O-O Ng8f6
8.Qd1e2 O-O
9.Nb1d2 Nb8c6
10.c3 Qd8c7
11.Nf3e5 Bc8d7
12.Ne5xd7 Qc7xd7
13.Nd2f3 Rf8e8
14.Nf3e5 Qd7c7
15.Ne5xc6 bxc6
16.f5 exf5
17.Bd3xf5 Be7d6
18.Qe2f3 Bd6xh2
19.Kh1 Bh2d6
20.Bc1g5 Qc7e7
21.Qf3h3 Ra8b8
22.Bg5xf6 Qe7xf6
23.Bf5xh7 Kf8
24.Rf1xf6 { resign }
1-0

[Event "Match"]
[Site "www.echecsemail.com"]
[Date "2019.08.19"]
[Round "1"]
[White "Tbsundar"]
[Black "Double2dutch"]
[WhiteElo "2140"]
[BlackElo "2089"]
[Result "0-1"]
[Round "1"]
1.d4 Ng8f6
2.c4 g6
3.e3 Bf8g7
4.Ng1f3 O-O
5.Nb1d2 d6
6.b3 e5
7.Bc1b2 e4
8.Nf3g5 d5
9.cxd5 Qd8xd5
10.h4 h6
11.Bf1c4 Qd5a5
12.Ng5h3 Nb8d7
13.O-O Nd7b6
14.Nh3f4 Nb6xc4
15.Nd2xc4 Qa5b5
16.a4 Qb5d7
17.Nc4e5 Qd7d8
18.a5 Nf6d5
19.Nf4e2 Qd8xh4
20.Qd1d2 a6
21.f3 b5
22.Ne2f4 Nd5xf4
23.exf4 Bc8b7
24.Ne5d7 exf3
25.Rf1xf3 Bb7xf3
26.Nd7xf8 Bf3g4
27.Nf8xg6 fxg6
28.Ra1c1 Ra8e8
29.Qd2f2 Qh4xf2
30.Kxf2 Re8e2
31.Kg3 Re2xb2
32.Kxg4 Rb2xb3
33.Rc1xc7 Rb3a3
34.Rc7c6 Ra3xa5
35.Rc6xg6 b4
36.f5 Kf7
37.d5 b3
38.d6 b2
39.d7 Ra5d5
40.Rg6b6 Rd5xd7
41.Kh5 a5
42.g4 a4
43.g5 hxg5
44.Kxg5 a3
45.f6 Rd7d5
46.Kf4 Bg7xf6
47.Ke4 Rd5a5
48.Kd3 a2
49.Rb6b7 Kg6
50.Kc2 a1Q
51.Rb7b6 Qa1c1
52.Kd3 b1Q
53.Ke2 Ra5e5
54.Kf2 Qc1e3
55.Kg2 Qb1g1

0-1

[Event "Tourn. n10177"]
[Site "www.echecsemail.com"]
[Date "2019.08.19"]
[Round "1"]
[White "Galiany17"]
[Black "Kevinking"]
[WhiteElo "2179"]
[BlackElo "1980"]
[Result "1-0"]
[Round "1"]
1.Ng1f3 d5
2.g3 Ng8f6
3.Bf1g2 g6
4.d4 Bf8g7
5.O-O O-O
6.Nb1d2 c6
7.c4 Bc8g4
8.b3 Nb8d7
9.Bc1b2 Bg4xf3
10.Nd2xf3 Nf6g4
11.Nf3e1 e5
12.cxd5 exd4
13.dxc6 bxc6
14.Bb2xd4 Ng4e5
15.Qd1d2 Qd8e7
16.Qd2b2 f6
17.f4 Ne5g4
18.Ne1c2 c5
19.Bd4c3 Ra8c8
20.Ra1d1 Ng4e3
21.Rd1xd7 Qe7xd7
22.Nc2xe3 f5
23.Bg2d5 Kh8
24.Ne3c4 Rc8c7
25.Rf1d1 Bg7xc3
26.Qb2xc3 Qd7g7
27.Nc4e5 h6
28.Ne5xg6 { resign }
1-0

[Event "Match"]
[Site "www.echecsemail.com"]
[Date "2019.08.19"]
[Round "1"]
[White "Mdesouza"]
[Black "Guidom"]
[WhiteElo "2160"]
[BlackElo "2040"]
[Result "0-1"]
[Round "1"]
1.e4 e5
2.Ng1f3 Nb8c6
3.d4 exd4
4.Nf3xd4 Nc6xd4
5.Qd1xd4 Qd8f6
6.e5 Qf6b6
7.Bc1e3 Qb6xd4
8.Be3xd4 b6
9.Bf1d3 Bc8b7
10.f3 O-O-O
11.a4 a5
12.Nb1d2 f6
13.Nd2c4 d5
14.Nc4xb6 cxb6
15.Bd4xb6 Rd8e8
16.e6 Re8xe6
17.Kd2 Re6xb6
18.b3 Bf8d6
19.Ra1e1 Ng8e7
20.Re1e6 Bd6f4
{ resign }
0-1

[Event "Tourn. n10129"]
[Site "www.echecsemail.com"]
[Date "2019.08.19"]
[Round "1"]
[White "Kevinking"]
[Black "Andychesston"]
[WhiteElo "1910"]
[BlackElo "1980"]
[Result "0-1"]
[Round "1"]
1.e4 e5
2.Ng1f3 d6
3.d4 Bc8g4
4.dxe5 Nb8c6
5.Bf1e2 Bg4xf3
6.Be2xf3 Nc6xe5
7.Bf3e2 Bf8e7
8.f4 Ne5c6
9.O-O Ng8f6
10.Nb1c3 O-O
11.Bc1e3 Qd8d7
12.Be2f3 Ra8d8
13.Qd1e2 Kh8
14.Ra1d1 Nf6g8
15.g4 a6
16.Kh1 Qd7c8
17.Rf1g1 Rd8d7
18.g5 f6
19.Bf3g4 fxg5
20.Bg4xd7 Qc8xd7
21.fxg5 Nc6e5
22.Qe2h5 g6
23.Qh5e2 c5
24.Be3xc5 Qd7c6
25.Bc5d4 Rf8f4
26.Nc3d5 Rf4h4
27.Bd4f2 Rh4h5
28.h4 Qc6d7
29.Nd5f4 Be7d8
30.Rg1g2 Ng8e7
31.Nf4xh5 gxh5
32.Qe2xh5 Ne7g6
33.Bf2g3 Qd7h3
34.Kg1 Bd8b6
35.Bg3f2 Ne5f3
36.Kf1 Qh3h1
37.Bf2g1 Nf3xg1
38.Rd1xd6 Ng1f3
39.Rg2g1 Qh1xg1
{ resign }
0-1

[Event "Tourn. n10157"]
[Site "www.echecsemail.com"]
[Date "2019.08.19"]
[Round "1"]
[White "Argento"]
[Black "Kevinking"]
[WhiteElo "1799"]
[BlackElo "1870"]
[Result "1-0"]
[Round "1"]
1.Ng1f3 d5
2.d4 Ng8f6
3.c4 dxc4
4.Nb1c3 e6
5.e4 Bf8e7
6.Bf1xc4 O-O
7.O-O c5
8.e5 Nf6d5
9.Nc3xd5 exd5
10.Bc4e2 b6
11.Bc1f4 Bc8e6
12.dxc5 Be7xc5
13.a3 a5
14.Be2d3 Nb8c6
15.Nf3g5 h6
16.Ng5xe6 fxe6
17.Qd1g4 Rf8xf4
18.Qg4xe6 Kf8
19.Qe6xc6 Ra8c8
20.Qc6e6 Rc8c7
21.Ra1e1 Rc7e7
22.Qe6g6 Qd8e8
23.g3 Qe8xg6
24.Bd3xg6 Rf4f3
25.Kg2 Rf3b3
26.Re1e2 Re7c7
27.Rf1d1 d4
28.Bg6d3 Bc5xa3
29.bxa3 Rb3xa3
30.Re2b2 Rc7c3
31.Bd3a6 Ra3b3
32.Rb2xb3 Rc3xb3
33.Rd1xd4 b5
34.Rd4d5 a4
35.Rd5xb5 Rb3xb5
36.Ba6xb5 a3
37.Bb5c4 Ke7
38.f4 { resign }
1-0

[Event "Tourn. n10132"]
[Site "www.echecsemail.com"]
[Date "2019.08.19"]
[Round "1"]
[White "Conde7"]
[Black "Pdebonis"]
[WhiteElo "2800"]
[BlackElo "2710"]
[Result "1/2-1/2"]
[Round "1"]
1.a3 d5
2.d4 c5
3.dxc5 Ng8f6
4.b4 a5
5.c3 b6
6.cxb6 e5
7.b5 Nb8d7
8.Ng1f3 Bf8d6
9.e3 Nd7xb6
10.Bc1b2 O-O
11.c4 Qd8e7
12.c5 Bd6xc5
13.Nf3xe5 Nf6e4
14.Bb2d4 Rf8e8
15.Bf1e2 Bc5xd4
16.exd4 f6
17.Ne5c6 Qe7d6
18.O-O Bc8d7
19.f3 Ne4g5
20.Nb1c3 Ng5e6
21.Rf1e1 Re8c8
22.Be2f1 Bd7xc6
23.bxc6 Rc8xc6
24.Nc3b5 Qd6d7
25.Ra1a2 g6
26.a4 Nb6c4
27.Qd1c1 Kg7
28.h4 Ra8c8
29.g3 f5
30.Bf1xc4 Rc6xc4
31.Qc1d2 Rc4b4
32.Qd2e2 Rc8c6
33.Qe2e5 Kg8
34.h5 Rb4c4
35.Ra2e2 Rc4xa4
36.Qe5b8 Rc6c8
37.Qb8d6 Qd7xd6
38.Nb5xd6 Ne6xd4
39.Nd6xc8 Nd4xf3
40.Kf2 Nf3xe1
41.Re2xe1 Ra4a2
42.Ke3 Kf7
43.h6 Kf6
44.Nc8b6 Ra2a3
{ draw }
1/2-1/2